000 00715nam a2200217Ia 4500
001 23550
003 GE_BSU
008 181216s||||||||xx |||||||||||||| ||und||
040 _cGE_BSU
245 _aВокруг света №11 ноябрь 2018.
245 _bжурнал русского географического общества
245 _cГл.ред. С. Апресов
260 _aмосква
260 _c2018г
300 _a128ST;27SM;
653 _aВокруг света №2 Февраль 2018.
653 _aжурнал русского географического общества
653 _aПериодика
653 _aპერიოდიკა
942 _cCR
999 _c56437
_d56437